000 00433nam a2200169 a 4500
020 _a0196940
082 0 0 _a103
_bBLA C2
100 _aBlackburn, Simon
245 _aOxford Dictionary of Philosophy
260 _aLondon
_bOxford University Press
_c1994
300 _a407p
500 _aincludes index and biblioraphy
505 2 _aAppendix
650 _aPhilosophy-Dictionary
700 1 _aBlackburn, Simon
942 _cBK
999 _c11863
_d11863